00747 a2200193 4500999001900000005001700019010001500036020003100051035001400082037001300096082001500109100001800124245008700142260005400229270008000283300003500363942003100398952012400429 c183211d18321120220221125756.0 aENG-130437 a978-93-91370-03-9c1295.00 aEN-113969 bDBAD/PUB a370.954b1 aMaithreyi, R. aEducating Youth:bRegulation through psychosocial skilling in India/cR. Maithreyi aNew DelhibSage Publications India Pvt Ltd.c2021 aB-I/I-I, Mohan Cooperative Industrial Area, Mathura RoadbNew Delhie110044 axiii, 275p.c22cm (pbk)bIndex adplcEN2ddch370.954mMAI 001040708NFICaAVbAVd2021-12-20eDBAD/PUBg1295.00l0o370.954 MAIpEN-113969r2021-12-20 00:00:00t1v1295.00yEN